Statistics for Mineplex Rules

Click here to take the quiz!

General Stats

  • This quiz has been taken 33 times
  • The average score is 13 of 37

Answer Stats

HintAnswer% Correct
Severity 1 (Chat) Saying something a lotSpam
100%
Severity 1 (Chat) Revealing Info To Alive Players While DeadGhosting
71%
Severity 1 (Chat) Saying something that misleads othersChat Trolling
57%
Severity 1 (Chat) Being rude e.g. saying ez/LGeneral Rudeness
57%
Severity 1 (Chat) Saying a server is better than this oneLight Advertisement
57%
Severity 3 (Chat) Saying an IP of another server 1 timeMedium Advertisement
57%
Severity 4 (Overall) Punishments add to this oneNetwork Ban
43%
Severity 4 (Chat) Trying to do transactions that have nothing to do with Mineplex while on it / trying to get money off someone elseScam / Unapproved Transactions
43%
Severity 4 (Chat) Sending a harmful linkUnapproved Link
43%
Severity 1 (Chat) Sending a link that isn't harmful but not approvedUnclarified Link
43%
Severity 2 (Chat) Being extremely rudeAbusive Behaviour
29%
Severity 4 (Gameplay) Using a script on a serverBotting
29%
Severity 1 (Gameplay) Using a bug for an unfair advantageBug Exploiting
29%
Severity 1 (Gameplay) Using an ALT to argue against a punishmentBypassing Punishment
29%
Severity 4 (Gameplay) Someone hacking into your account so you have to change your password and appealCompromised Account
29%
Severity 2 First Time, 3 After The First (Chat) Telling/Wishing someone to die IRLDeath Wish
29%
Severity 3 First Time, 4 After The First (Chat) Being racistDiscrimination / Racism
29%
Severity 1 Custom Length First Time, 4 After The First (Gameplay) Filling a lobby with your friends/ALTS and making them let you win
Stat Boosting
29%
Severity 1/2 (Chat) Saying a swear word in a way that's not censoredFilter Bypass
29%
Severity 1 (Gameplay) For example, frustrating your teammatesGameplay Trolling
29%
Severity 2 (Hacking) Using normal hacksGeneral Hack
29%
Severity 2 (Chat) Targeting someone verbally after they told you to stopGeneral Harassment
29%
Severity 1 (Chat) Being inappropriateInappropriate Behaviour
29%
Severity 4 (Gameplay) Having a cape name non family friendly on MineplexInappropriate Cape
29%
Severity 1/4 (Gameplay) For example, building something non family friendly in build battleInappropriate Gameplay
29%
Severity 4 (Gameplay) Having a skin name non family friendly on MineplexInappropriate Skin
29%
Severity 4 (Gameplay) Having a user name non family friendly on MineplexInappropriate Username / Inappropriate Name
29%
Severity 3 (Chat) Threatening others to something seriousMalicious Threats
29%
Severity 1 (Gameplay) Using the map for an unfair advantageMap Exploiting
29%
Severity 3 (Hacking) Using hacks to make your movement set better to ruin the gameMovement Hack
29%
Severity 4 (Chat) Lots of punishments add to this onePermanent Admin Issued Mute
29%
Severity 4 (Chat) Saying information about someone else that can be used to identify them in real lifeRevealing Personal Information
29%
Severity 1 No Warning (Chat) Saying hashtagsRioting
29%
Severity 4 (Chat) Spamming an IP of another serverSevere Advertisement
29%
Severity 1 No Warning (Gameplay) Trying to frustrate youtubersTargeting YouTubers / Streamers
29%
Severity 1 (Gameplay) Working with people who aren't on your teamTeaming / Cross Teaming
29%
Severity 1 (Hacking) Using mods unapproved on the severUnapproved Mod
29%

Score Distribution

Percentile by Number Answered

Percent of People with Each Score

Your Score History

You have not taken this quiz